[Event "Lisbon Portugal op"]
[Site "Lisbon"]
[Date "2019.02.07"]
[Round "6"]
[White "Maisuradze, Nino"]
[Black "Slovak, Pavel"]
[Result "1-0"]
[WhiteElo "2186"]
[BlackElo "2010"]
[PlyCount "81"]
[EventDate "2019.02.02"]
[EventType "swiss"]
[EventRounds "9"]
[EventCountry "POR"]
[SourceTitle "CBM 188 Extra"]
[Source "ChessBase"]
[SourceDate "2019.02.26"]
[SourceVersion "1"]
[SourceVersionDate "2019.02.26"]
[SourceQuality "1"]

1. d4 d5 2. Nf3 Nf6 3. c4 e6 4. Nc3 c6 5. Bg5 Nbd7 6. cxd5 exd5 7. e3 Be7 8. Bd3 0-0 9. Qc2 Re8 10. 0-0 Nf8 11. h3 Nh5 12. Bxe7 Qxe7 13. Rab1 Nf6 14. b4 b5 15. Ne5 Bb7 16. Ne2 Rec8 17. Bf5 Rc7 18. a4 g6 19. Bd3 a6 20. Rfc1 Rcc8 21. Ng3 N6d7 22. Nxd7 Nxd7 23. e4 dxe4 24. Nxe4 Rd8 25. Re1 Qf8 26. a5 Nb8 27. h4 Bc8 28. Nf6+ Kh8 29. Qc3 Be6 30. Be4 Bd5 31. Bxd5 cxd5 32. Qc7 Rc8 33. Qb7 Nc6 34. Nd7 Qd6 35. Nb6 Rcb8 36. Qxf7 Ra7 37. Re8+ Rxe8 38. Qxe8+ Kg7 39. Rc1 Nxd4 40. Rc8 Ne6 41. Rc6 1-0

[Event "CZE-chT2E 1718"]
[Site "Czech Republic"]
[Date "2018.01.14"]
[Round "6.6"]
[White "Slovak, Pavel"]
[Black "Lakatos, Tomas"]
[Result "0-1"]
[WhiteElo "2011"]
[BlackElo "2122"]
[PlyCount "36"]
[EventDate "2017.10.15"]
[EventType "team-tourn"]
[EventRounds "11"]
[EventCountry "CZE"]
[SourceTitle "EXT 2022"]
[Source "ChessBase"]
[SourceDate "2021.10.06"]
[SourceVersion "1"]
[SourceVersionDate "2021.10.06"]
[SourceQuality "1"]
[WhiteTeam "Zlin"]
[BlackTeam "Brno VSK Univ"]
[WhiteTeamCountry "CZE"]
[BlackTeamCountry "CZE"]

1. e4 c5 2. Nf3 g6 3. d4 cxd4 4. Nxd4 Nf6 5. Nc3 Bg7 6. Be3 0-0 7. f3 Nc6 8. Qd2 d5 9. Nxc6 bxc6 10. e5 Nd7 11. f4 Qa5 12. a3 e6 13. h4 f6 14. h5 fxe5 15. hxg6 hxg6 16. fxe5 Nxe5 17. Bh6 d4 18. Qxd4 Nf3+ 0-1

[Event "CZE-chT rap"]
[Site "Pardubice"]
[Date "2017.07.14"]
[Round "2.3"]
[White "Slovak, Pavel"]
[Black "Sodoma, Jan"]
[Result "1/2-1/2"]
[WhiteElo "2003"]
[BlackElo "2351"]
[PlyCount "42"]
[EventDate "2017.07.13"]
[EventType "team-swiss"]
[EventRounds "7"]
[EventCountry "CZE"]
[SourceTitle "EXT 2018"]
[Source "ChessBase"]
[SourceDate "2017.10.13"]
[SourceVersion "1"]
[SourceVersionDate "2017.10.13"]
[SourceQuality "1"]
[WhiteTeam "Zlin"]
[BlackTeam "Turnov Zikuda"]
[WhiteTeamCountry "CZE"]
[BlackTeamCountry "CZE"]

1. e4 e5 2. Nf3 Nc6 3. Bc4 Nf6 4. d4 exd4 5. e5 d5 6. Bb5 Ne4 7. Nxd4 Bd7 8. Bxc6 bxc6 9. 0-0 Bc5 10. c3 Qe7 11. f3 Ng5 12. f4 Ne4 13. Be3 Rb8 14. Nd2 Rxb2 15. Nxe4 dxe4 16. Rb1 Rb6 17. Qc2 f5 18. exf6 gxf6 19. f5 0-0 20. Rf4 Re8 21. Rd1 Bd6 1/2-1/2

[Event "CZE-chT2E 1415"]
[Site "Czech Republic"]
[Date "2015.02.08"]
[Round "7.3"]
[White "Slovak, Pavel"]
[Black "Kulovana, Eva"]
[Result "1/2-1/2"]
[WhiteElo "2108"]
[BlackElo "2255"]
[PlyCount "73"]
[EventDate "2014.11.02"]
[EventType "team-tourn"]
[EventRounds "11"]
[EventCountry "CZE"]
[SourceTitle "EXT 2022"]
[Source "ChessBase"]
[SourceDate "2021.10.06"]
[SourceVersion "1"]
[SourceVersionDate "2021.10.06"]
[SourceQuality "1"]
[WhiteTeam "Zlin II"]
[BlackTeam "Dalesice Pivovar"]
[WhiteTeamCountry "CZE"]
[BlackTeamCountry "CZE"]

1. e4 c6 2. d4 d5 3. Nd2 dxe4 4. Nxe4 Bf5 5. Ng3 Bg6 6. Nf3 Nf6 7. Bd3 Bxd3 8. Qxd3 e6 9. 0-0 Bd6 10. Re1 0-0 11. Bg5 Nbd7 12. Ne5 Qc7 13. Nxd7 Nxd7 14. c4 h6 15. Bd2 Rfd8 16. Bc3 Nf6 17. Qf3 Be7 18. Re2 Qb6 19. Nf5 Qc7 20. Rae1 Kf8 21. Nxe7 Qxe7 22. Re5 Rd7 23. a3 Qd8 24. h4 Kg8 25. Qg3 Rc8 26. R1e3 a6 27. d5 cxd5 28. cxd5 Rxd5 29. Rxd5 exd5 30. Qe5 Rc6 31. Rg3 Re6 32. Qd4 Kh8 33. Rg4 Qd7 34. Qc5 Qd8 35. Qd4 Qd7 36. Qc5 Qd8 37. Qd4 1/2-1/2

[Event "Tatry op"]
[Site "Tatranske Zruby"]
[Date "2012.09.24"]
[Round "2"]
[White "Tyda, Krzysztof"]
[Black "Slovak, Pavel"]
[Result "1/2-1/2"]
[WhiteElo "2001"]
[BlackElo "2044"]
[PlyCount "74"]
[EventDate "2012.09.23"]
[EventType "swiss"]
[EventRounds "9"]
[EventCountry "SVK"]
[SourceTitle "CBM 150 Extra"]
[Source "ChessBase"]
[SourceDate "2012.10.19"]
[SourceVersion "1"]
[SourceVersionDate "2012.10.19"]
[SourceQuality "1"]

1. d4 e6 2. c4 c5 3. d5 d6 4. e4 e5 5. Nc3 a6 6. Nf3 Nf6 7. Bd3 Be7 8. 0-0 Bg4 9. h3 Bh5 10. Be2 0-0 11. Qb3 b6 12. Bg5 Nbd7 13. a4 Nxd5 14. Nxd5 Bxg5 15. Rad1 Rb8 16. Qd3 Re8 17. Nxg5 Bxe2 18. Qxe2 Qxg5 19. Ne3 Re6 20. Nf5 Qf6 21. Rd3 Nf8 22. Rfd1 b5 23. axb5 axb5 24. cxb5 Rxb5 25. Rg3 Rb4 26. Nxg7 Ng6 27. Nxe6 Qxe6 28. h4 Kf8 29. Qa6 Rd4 30. Ra1 Qe8 31. Qb7 Qe6 32. Ra8+ Kg7 33. h5 Rd1+ 34. Kh2 Qf6 35. hxg6 Qh4+ 36. Rh3 Qf4+ 37. Rg3 Qh4+ 1/2-1/2

[Event "CZE-chT2E 1112"]
[Site "Czech Republic"]
[Date "2012.01.08"]
[Round "5.4"]
[White "Dobes, Vojtech"]
[Black "Slovak, Pavel"]
[Result "1-0"]
[WhiteElo "2061"]
[BlackElo "2039"]
[PlyCount "63"]
[EventDate "2011.10.09"]
[EventType "team-tourn"]
[EventRounds "11"]
[EventCountry "CZE"]
[SourceTitle "EXT 2013"]
[Source "ChessBase"]
[SourceDate "2012.11.22"]
[SourceVersion "1"]
[SourceVersionDate "2012.11.22"]
[SourceQuality "1"]
[WhiteTeam "Stare Mesto II"]
[BlackTeam "Zlin III"]
[WhiteTeamCountry "CZE"]
[BlackTeamCountry "CZE"]

1. e4 c5 2. Nf3 e6 3. d4 cxd4 4. Nxd4 a6 5. Nc3 Qc7 6. Bd3 Nf6 7. f4 d6 8. 0-0 Be7 9. Kh1 Nc6 10. Nb3 b5 11. a3 Bb7 12. Qe1 0-0 13. Be3 Rac8 14. Rd1 b4 15. axb4 Nxb4 16. Qe2 Nxd3 17. cxd3 d5 18. e5 Nd7 19. Nd4 Bc6 20. Nxc6 Qxc6 21. d4 Qb7 22. f5 exf5 23. Rxf5 Qb3 24. Bc1 a5 25. Rf3 a4 26. Rh3 g6 27. Rdd3 Bb4 28. Qd2 Rfe8 29. Rxh7 Bf8 30. Rdh3 Nxe5 31. Rh8+ Kg7 32. Qg5 1-0

[Event "CZE-chT2E 1112"]
[Site "Czech Republic"]
[Date "2011.11.06"]
[Round "2.6"]
[White "Slovak, Pavel"]
[Black "Uhmann, Jan"]
[Result "0-1"]
[WhiteElo "2039"]
[BlackElo "2152"]
[PlyCount "78"]
[EventDate "2011.10.09"]
[EventType "team-tourn"]
[EventRounds "11"]
[EventCountry "CZE"]
[SourceTitle "EXT 2013"]
[Source "ChessBase"]
[SourceDate "2012.11.22"]
[SourceVersion "1"]
[SourceVersionDate "2012.11.22"]
[SourceQuality "1"]
[WhiteTeam "Zlin III"]
[BlackTeam "Hustopece"]
[WhiteTeamCountry "CZE"]
[BlackTeamCountry "CZE"]

1. e4 e5 2. Nf3 Nc6 3. Bc4 Nf6 4. d4 exd4 5. e5 d5 6. Bb5 Ne4 7. Nxd4 Bd7 8. Bxc6 bxc6 9. 0-0 Be7 10. Nd2 c5 11. Nxe4 cxd4 12. Ng3 c5 13. f4 Qc7 14. Qf3 Rd8 15. Nh5 Kf8 16. Qg3 g6 17. f5 gxh5 18. Bh6+ Ke8 19. Qg7 Rf8 20. f6 Be6 21. fxe7 Kxe7 22. Qf6+ Kd7 23. Bxf8 Rxf8 24. Qh6 Rb8 25. Qxh5 Kc6 26. b3 Kb7 27. Rae1 Qa5 28. Qxh7 Ka8 29. Rd1 Qc7 30. Qg7 Re8 31. Rde1 c4 32. h4 d3 33. cxd3 Qc5+ 34. Kh1 cxd3 35. Qg5 Rh8 36. Qf6 Rg8 37. Rd1 Qd4 38. Qf4 Qe4 39. Rde1 Qxg2# 0-1

[Event "CZE-chT2E 1011"]
[Site "Czech Republic"]
[Date "2011.02.06"]
[Round "7.5"]
[White "Slovak, Pavel"]
[Black "Loubal, Pavel"]
[Result "1/2-1/2"]
[WhiteElo "2063"]
[BlackElo "2026"]
[PlyCount "58"]
[EventDate "2010.10.17"]
[EventType "team-tourn"]
[EventRounds "11"]
[EventCountry "CZE"]
[SourceTitle "EXT 2012"]
[Source "ChessBase"]
[SourceDate "2011.11.24"]
[SourceVersion "1"]
[SourceVersionDate "2011.11.24"]
[SourceQuality "1"]
[WhiteTeam "Zlin III"]
[BlackTeam "Adamov"]
[WhiteTeamCountry "CZE"]
[BlackTeamCountry "CZE"]

1. e4 c5 2. Nf3 Nc6 3. d4 cxd4 4. Nxd4 Nf6 5. Nc3 e6 6. Nxc6 bxc6 7. Bd3 d5 8. exd5 cxd5 9. 0-0 Be7 10. Re1 0-0 11. Bf4 Qb6 12. Be5 Ba6 13. Na4 Qa5 14. b3 Bxd3 15. Qxd3 Ne4 16. c4 Bf6 17. Qd4 Bxe5 18. Qxe5 Nf6 19. Red1 Rac8 20. Rac1 Qb4 21. c5 Rc6 22. Qc3 Qb5 23. Qd3 Qb4 24. Qd2 Qb5 25. Nc3 Qb4 26. Ne2 Qxd2 27. Rxd2 e5 28. b4 Rfc8 29. f3 d4 1/2-1/2

[Event "Tatry op"]
[Site "Tatranske Zruby"]
[Date "2010.10.04"]
[Round "4"]
[White "Slovak, Pavel"]
[Black "Jambrich, Miroslav"]
[Result "1-0"]
[WhiteElo "2060"]
[BlackElo "1910"]
[PlyCount "49"]
[EventDate "2010.10.02"]
[EventType "swiss"]
[EventRounds "9"]
[EventCountry "SVK"]
[SourceTitle "CBM 138 Extra"]
[Source "ChessBase"]
[SourceDate "2010.10.29"]
[SourceVersion "1"]
[SourceVersionDate "2010.10.29"]
[SourceQuality "1"]

1. d4 d5 2. c4 e6 3. Nc3 Nf6 4. Bg5 Bb4 5. e3 h6 6. Bh4 g5 7. Bg3 Ne4 8. Rc1 c6 9. Bd3 h5 10. Bxe4 dxe4 11. h4 g4 12. Qc2 f5 13. Nge2 Nd7 14. 0-0 Be7 15. d5 e5 16. dxc6 bxc6 17. Rfd1 Bf6 18. Qa4 Qc7 19. Nd4 f4 20. Ne6 Qb6 21. exf4 exf4 22. Bxf4 Ne5 23. Nd5 Qb7 24. Nxf6+ Kf7 25. Nxe4 1-0